Algèbre et théorie des nombres.
Guardado en:
| Autor Principal: | |
|---|---|
| Formato: | Libro |
| Idioma: | French |
| Publicado: |
Paris :
Faculté des sciences de Paris, Secrétariat mathématique,
1960.
|
| Materias: | |
| Etiquetas: |
Agregar Etiqueta
Sin Etiquetas, Sea el primero en etiquetar este registro!
|
| LEADER | 00551cam a2200181ua 4500 | ||
|---|---|---|---|
| 001 | MAT.inmabb005539 | ||
| 008 | 830714s1960####fr############000#0#fre## | ||
| 005 | 20170822121202.0 | ||
| 245 | 1 | 0 | |a Algèbre et théorie des nombres. |
| 260 | |a Paris : |b Faculté des sciences de Paris, Secrétariat mathématique, |c 1960. | ||
| 300 | |a 2 v. ; |c 27 cm. | ||
| 510 | 4 | |a MR, |c *REVIEW #* | |
| 100 | 1 | |a Dubreil, Paul. | |
| 650 | 0 | |a Algebra. | |
| 084 | |a 11-XX |2 msc2000 | ||
| 010 | |a 63039311 | ||
| 040 | |a DLC |c CarP |d DLC | ||
| 859 | |h 11 |i D819 |p A-2207 |v 1 |3 Fasc. I |b BIB. MATEMATICA | ||
